000 00953nam a22002295i 4500
001 172725
003 ES-MaACL
005 20230906215023.0
008 090904s1932 sp |||| | spa d
080 _a616.24-002.5-084.47
100 1 _aSáenz, A.
_c(médico)
_9141232
245 1 4 _aLos progresos recientes de nuestros conocimientos sobre la vacunación preventiva de la tuberculosis por el "B.G.C."
_b: conferencia pronunciada el día 18 de mayo en la Escuela Nacional de Sanidad /
_cpor A. Sáenz.
260 _aMadrid :
_b[Escuela Nacional de Sanidad],
_c1932.
300 _a17 p. ;
_c24 cm.
490 1 _aPublicaciones de la Escuela Nacional de Sanidad ;
_v7
650 1 4 _aTuberculosis-
_xVacunación.
_9141233
650 4 _aVacuna BCG.
_9141234
710 2 _aEscuela Nacional de Sanidad (España)
_9141228
830 0 _aPublicaciones de la Escuela Nacional de Sanidad ;
_v7
_9189107
852 _aES-MaACL
_j2298-F-6
999 _c172725
_d172725